000 00982nam a2200301Ia 4500
001 6432
003 IT-RoPAU
008 130308s9999 xx 000 0 und d
040 _aIT-RoPAU
040 _cIT-RoPAU
041 _aITALIANO
100 _aLazzarin Paolo
100 _gCodice Aut. SPICS: 4798
245 _aFotogrammi (I)
245 _bFotogrammi (I)
250 _a1a ed.
260 _aMILANO
260 _bIl Castello
260 _c1976 [1° Ed.:1976 - Ed.Ling.Originale:1976]
300 _a"108 p. (prefazione: no ; testo: 108)"
500 _aEmulsioni fotografiche Come si Realizzano I Fotogrammi camera Oscura Attrezzature e Materiali Esposizione Sviluppo e Fissaggio immagine degli Oggetticontrasti e Carta sorgenti di Luce Possibilità dell'Ingranditore Composizione dell'Immagine Movimento Chimigrammi
650 _aLINGUAGGIO FOTOGRAFICO
650 _eCodice materia Spics: 6754
942 _cBK
957 _71
999 _c70474
_d70474
999 _bSI
999 _g1